| 000 | 00455nam a22001697a 4500 | ||
|---|---|---|---|
| 005 | 20200318151321.0 | ||
| 008 | 200318b xxu||||| |||| 00| 0 eng d | ||
| 020 | _a9788123914251 | ||
| 041 | _aeng | ||
| 082 | _a615 | ||
| 100 |
_aSHARMA,VARUN DUTT _95290 |
||
| 245 |
_aPHARMACOLOGY AND TOXICOLOGY PRACTICAL _cVERUN DUTT SHARMA |
||
| 250 | _a1'ST | ||
| 260 |
_aNEW DELHI _bCBS PUBLISHERS AND DISTRIBUTORS _c2019 |
||
| 650 |
_aPHARMACY _95292 |
||
| 942 | _cBK | ||
| 999 |
_c6155 _d6153 |
||